000
00235 a2200097 4500
001
31445
100
_a
Salemi Joe
245
_a
Client Server Computing with SYBASE SQL Server
260
_a
New Delhi
_b
BPB
_c
1994
090
_c
21329
_d
21329
942
_a
NUST-CAE
_c
M
_c
12591
999
_c
266518
_d
266518